000 00792nam a22002412 4500
001 0000019033
005 20151217152143.0
008 100901s xx 000 0 eng d
020 _a0205547958 :
040 _aKABU
_cKABU
100 1 _aEitzen, D. Stanley.
_@0000178582
245 1 0 _aExperiencing poverty :
_bvoices from the bottom /
_cD. Stanley Eitzen, Kelly Eitzen Smith.
250 _a2nd ed.
260 _aBoston :
_bPearson,
_c2009.
300 _ax, 230 p.
650 0 _aPoverty
_zUnited States.
_@0000178583
650 0 _aPoor
_zUnited States.
_@0000153023
651 0 _aUnited States
_xEconomic conditions
_y1945-.
_@0000152843
700 1 _aSmith, Kelly Eitzen.
_@0000178584
852 1 _9p2600 KES
908 _a100901
950 _@1
999 _c8778
_d8778